000 00754nam a2200205 i 4500
001 186907
003 ES-MaACL
005 20251012063103.0
008 170228s1933 sp |||| | spa d
100 1 _aRodríguez de la Peña, H.,
_d1886-1952
_998451
245 1 0 _aPedro Antonio de Alarcón, el novelista romántico /
_cpor Julio Romano [seud.].
250 _a1ª ed.
260 _aMadrid :
_bEspasa-Calpe,
_c1933.
300 _a214 p. [6] p. de lám. ;
_c18 cm.
490 1 _aVidas Españoles e Hispano-Americanas del Siglo XIX ;
_v35
600 1 4 _aAlarcón, Pedro Antonio de,
_d1833-1891
_919134
830 0 0 _aVidas españolas e hispanoamericanas del siglo XIX
_v35
_9192640
852 _aES-MaACL
_jC-23244
999 _c186907
_d186907